000 02733nam1a2200361 4500
001 RU\NLR\BIBL_A\022712754
005 20260407083320.0
035 _a(NLR Aleph) 022712754
090 _a13547990
_c13547990
100 _a20260130d2025 u y0rusy50 ca
101 0 _arus
102 _aRU
105 _a j
181 0 _ai3
_baxxe
182 0 _an
200 1 _aОбщие принципы лечения заболеваний внутренних органов
_eучебное пособие
_eдля студентов III курса по специальности 31.05.03 - Стоматология
_eв 2 ч.
_fд. м. н., профессор И. А. Горбачева, доцент, к. м. н. Ю. А. Сычева, доцент, к. м. н. Л. А. Николаева, доцент, к. м. н. Л. А. Шестакова
_gпод редакцией И. А. Горбачевой
_gФедеральное государственное бюджетное образовательное учреждение высшего образования "Санкт-Петербургский государственный медицинский университет им. И. П. Павлова" Министерства здравоохранения Российской Федерации, Кафедра внутренних болезней стоматологического факультета
203 _aТекст
_bвизуальный
_cнепосредственный
210 _aСанкт-Петербург
_cРИЦ ПСПбГМУ
_d2025
215 _d21
300 _aАвт. указаны на обороте тит. с.
606 1 _aВнутренние болезни
_jУчебные издания для высших учебных заведений
_xТерапия
_91313080
_3RU\NLR\AUTH\66228422
686 1 _aР41-5я73
701 1 _aГорбачева
_bИ. А.
_gИрина Анатольевна
701 1 _aСычева
_bЮ. А.
_gЮлия Анатольевна
701 1 _aНиколаева
_bЛ. А.
_cканд. мед. наук, стоматология
_gЛюбовь Анатольевна
_9168524
_3RU\NLR\AUTH\770168573
701 1 _aШестакова
_bЛ. А.
_gЛюдмила Андреевна
712 0 2 _4570
_aСанкт-Петербургский государственный медицинский университет им. И. П. Павлова
_bКафедра внутренних болезней стоматологического факультета
_9587838
_3RU\NLR\AUTH\8810044197
852 _aNLR
_j2026-4/482
942 _cBOOK
980 _aNB